[Event "Stay Safe Play From Home 185"]
[Site "T#646428Emanuel Laske"]
[Date "2020.05.29"]
[Round "3"]
[White "Lazieri3"]
[Black "KLIND"]
[Result "1-0"]
[WhiteElo "2035"]
[BlackElo "1915"]
[Annotator "TA"]
[PlyCount "49"]
[EventDate "2020.05.29"]
[EventType "swiss (blitz)"]

{[%evp 9,49,4,14,0,0,0,0,0,0,2,0,0,56,55,62,30,430,426,557,548,554,458,472,445,489,488,1049,1043,1057,1048,1364,906,924,917,823,795,29994,29995,29997,29998,29998,29999]} 1. e4 d5 2. Nc3 dxe4 3. Nxe4 Nf6 4. Nxf6+ exf6 5. Nf3 Bd6 6. d4 {A00: Irregular Openings.} O-O 7. Be3 Re8 8. Be2 {The position is equal.} Bg4 9. O-O {[#]} Nc6 $146 ({Predecessor:} 9... Nd7 10. Re1 c6 11. h3 Bh5 12. Qd2 Qc7 13. Nh4 Bxe2 14. Rxe2 g6 15. Rae1 Re4 {½-½ (49) Fendereski,N (1956)-Aleksandrov,Z (2210) Al Ain 2013}) 10. h3 Bxf3 ({Better is} 10... Bf5 $11) 11. Bxf3 $14 Qd7 12. c3 Ne5 $2 {[%mdl 8192] [#]} (12... Rab8 $11 {and Black stays safe.}) 13. dxe5 $18 fxe5 14. Bxb7 Rab8 15. Be4 Rxb2 16. Rb1 Rxb1 17. Qxb1 ({Don't play} 17. Bxb1 e4 $18) 17... f5 (17... g6 $142 18. Bxa7 f5 19. Bd5+ Kh8) 18. Bxf5 {[%mdl 64] [#] Double Attack} Qe7 19. Bxh7+ Kh8 20. Be4 Rf8 21. Qd1 {White threatens Qh5+ and mate.} Qh4 22. Qg4 Qf6 23. Qh5+ {White mates.} Kg8 24. Bh7+ Kh8 25. Bg6+ {White took control after the opening. Accuracy: White = 82%, Black = 39%.} 1-0

[Event "Stay Safe Play From Home 185"]
[Site "T#646428Emanuel Laske"]
[Date "2020.05.29"]
[Round "3"]
[White "The Next Contender"]
[Black "SoulofWolf"]
[Result "1-0"]
[WhiteElo "1991"]
[BlackElo "2063"]
[Annotator "TA"]
[PlyCount "77"]
[EventDate "2020.05.29"]
[EventType "swiss (blitz)"]

{[%evp 9,77,17,38,25,45,21,29,27,79,63,130,122,126,102,147,85,77,77,98,20,87,-53,122,41,118,70,70,74,185,177,486,451,426,406,367,324,290,181,158,95,384,302,379,-237,-227,-253,-226,-251,1185,1182,1153,1164,1240,1133,1217,1207,2565,2374,3673,2830,29987,29986,29992,29992,29995,29996,29996,29996,29997,29997]} 1. d4 c5 2. c4 Nf6 3. d5 e6 4. g3 exd5 5. cxd5 d6 6. Bg2 {A60: Modern Benoni: Early Divergences.} Be7 7. e4 O-O 8. Ne2 {[#] White has an edge.} Bg4 $146 (8... b5 $11) ({Predecessor:} 8... Re8 9. O-O Bf8 10. Qc2 Na6 11. a3 b5 12. Re1 Rb8 13. b4 cxb4 14. axb4 Nxb4 {0-1 (38) Van Hoolandt,P (2211)-Bouzidi,A (2196) Monastir 2013}) 9. f3 Bh5 (9... Bd7 $14) 10. O-O $16 Nbd7 11. Kh1 h6 {[#]} 12. b3 (12. Nf4 $142 $1) 12... Bg6 13. Bb2 Ne5 14. Qc2 (14. Nf4 $16) 14... Rc8 (14... Nxd5 $1 $11 {keeps the balance.} 15. Qd2 Nc7) 15. Nd2 ({White should try} 15. Nf4 $16) 15... h5 $2 (15... Nxd5 $1 $15 {keeps the upper hand.} 16. Nc4 Nb4) 16. Nc4 (16. f4 $16 Ned7 17. f5) 16... Nfd7 (16... Nxd5 $1 $14 17. Bxe5 (17. Nxe5 dxe5 18. Rad1 {[%mdl 64] Pin} Ne3 $14) 17... Nb4) 17. f4 Nxc4 18. bxc4 f5 (18... Bf6 $16 {is a better defense.}) 19. e5 $18 dxe5 $2 (19... Rb8 {is more resistant.} 20. a4 Qa5) 20. fxe5 Bg5 21. Qc3 Nb6 22. Nf4 Na4 23. Nxg6 Nxc3 24. Bxc3 (24. Nxf8 $142 {And now Ne6 would win.} Qxf8 25. Bxc3) 24... Re8 $2 {[%mdl 8192]} (24... Rf7 $16 {was called for.}) 25. h4 Be3 26. Nf4 $4 {[%mdl 8192] [#]} (26. Rxf5 $18 Bh6 27. Raf1 (27. Rxh5 Qd7 $11)) 26... Bd4 $1 $19 {[%cal Rd4c3]} 27. Bxd4 cxd4 28. Ne6 Qc7 $4 {[%mdl 8192]} (28... Qd7 $19 29. Rxf5 Rxc4) 29. Nxc7 $18 Rxc7 30. Rxf5 Rxc4 31. Rd1 d3 32. Rxd3 Rec8 33. d6 {Threatening mate with Bd5+.} Rc1+ 34. Kh2 Rd8 35. e6 {White mates.} Rc6 36. e7 Rcxd6 37. Rxd6 Rxd6 38. e8=Q+ Kh7 39. Rxh5+ {Accuracy: White = 50%, Black = 32%.} 1-0

[Event "Stay Safe Play From Home 185"]
[Site "T#646428Emanuel Laske"]
[Date "2020.05.29"]
[Round "3"]
[White "Konmos"]
[Black "Weltszmerc"]
[Result "0-1"]
[WhiteElo "1777"]
[BlackElo "2074"]
[Annotator "TA"]
[PlyCount "70"]
[EventDate "2020.05.29"]
[EventType "swiss (blitz)"]

{[%evp 9,70,-1,44,-34,-25,-41,2,8,-2,-85,-14,-20,-11,-93,-91,-98,-91,-149,-133,-153,-134,-429,-305,-519,-506,-517,-503,-647,-603,-829,-815,-1041,-1042,-824,-628,-679,-661,-875,-836,-1156,-522,-771,-520,-512,-516,-514,-485,-511,-499,-620,-506,-612,-516,-593,-595,-745,-746,-733,-718,-1994,-782,-845,-843]} 1. e4 Nf6 2. e5 Nd5 3. c4 Nb6 4. c5 Nd5 5. Bc4 c6 6. Bxd5 {B02: Alekhine's Defence: Chase Variation and lines with early Nc3.} ({Better is} 6. Nc3 $14) 6... cxd5 $15 7. d4 d6 8. cxd6 {The position is equal.} exd6 9. f4 (9. Nf3 $11) 9... Nc6 (9... dxe5 $17 10. fxe5 Qh4+ 11. Kf1 Bg4) 10. Nf3 $11 Bg4 {[#] White must now prevent ...Bxf3.} 11. Nc3 $146 (11. O-O $11 {remains equal.}) ({Predecessor:} 11. Be3 dxe5 12. fxe5 Bb4+ 13. Nc3 Qa5 14. Qd3 Rc8 15. O-O Bxc3 16. bxc3 Nd8 17. Bd2 Bxf3 18. Rxf3 {1-0 (39) Banas,K (2240)-Pacher,M (2328) Slovakia 2008}) 11... dxe5 $17 12. dxe5 d4 $36 {[%mdl 2048] Black is on the roll.} 13. Ne2 (13. Ne4 $142) 13... Bb4+ 14. Bd2 Bxf3 $1 15. Bxb4 $4 {[%mdl 8192] [#] Now White is beyond hope.} (15. gxf3 $17 Qh4+ 16. Kf1) 15... Bxe2 (15... Nxb4 $2 16. gxf3 Qh4+ 17. Ng3 $17) 16. Kxe2 $2 (16. Qxe2 {only move.} Nxb4 17. Qb5+ Nc6 18. Qxb7) 16... Nxb4 $19 {Black is clearly winning.} 17. Qa4+ Nc6 18. Rac1 O-O 19. Rhd1 Qh4 20. g3 Qxh2+ 21. Kf3 Qxb2 22. Rc2 Qb6 23. Rh1 d3 24. Rd2 Qd4 25. Qb3 Na5 26. Qxd3 Qxd3+ 27. Rxd3 Rad8 28. Ra3 b6 29. Ra4 Rd5 30. Kg4 Rfd8 31. Rb4 g6 32. e6 fxe6 33. Re4 R8d6 34. Kh4 Nc6 {[#] Threatens to win with ...Rh5+.} 35. Kg4 Ne7 {Accuracy: White = 18%, Black = 67%.} 0-1

[Event "Stay Safe Play From Home 185"]
[Site "T#646428Emanuel Laske"]
[Date "2020.05.29"]
[Round "3"]
[White "Grizzzly"]
[Black "Trotsky"]
[Result "1-0"]
[WhiteElo "1700"]
[BlackElo "1573"]
[Annotator "NA RC"]
[PlyCount "69"]
[EventDate "2020.05.29"]
[EventType "swiss (blitz)"]

1. d4 {[%emt 0:00:01]} d5 {[%emt 0:00:01]} 2. Nf3 {[%emt 0:00:00]} e6 {[%emt 0:00:01]} 3. Bf4 {[%emt 0:00:00]} c5 {[%emt 0:00:01]} 4. e3 {[%emt 0:00:01]} Nc6 {[%emt 0:00:01]} 5. c3 {[%emt 0:00:01]} c4 {[%emt 0:00:01]} 6. Be2 {[%emt 0:00:01]} Bd6 {[%emt 0:00:02]} 7. Bg3 {[%emt 0:00:02]} Qc7 {[%emt 0:00:01]} 8. Nbd2 {[%emt 0:00:04]} Bd7 {[%emt 0:00:01]} 9. e4 {[%emt 0:00:02]} f6 {[%emt 0:00:02]} 10. exd5 {[%emt 0:00:01]} exd5 {[%emt 0:00:01]} 11. O-O {[%emt 0:00:00]} O-O-O {[%emt 0:00:01]} 12. Re1 {[%emt 0:00:00]} h5 {[%emt 0:00:01]} 13. Bxd6 {[%emt 0:00:08]} Qxd6 {[%emt 0:00:01]} 14. b3 {[%emt 0:00:00]} Nh6 {[%emt 0:00:01]} 15. bxc4 {[%emt 0:00:03]} Ng4 {[%emt 0:00:01]} 16. cxd5 {[%emt 0:00:01]} Nce5 {[%emt 0:00:06]} 17. dxe5 {[%emt 0:00:03]} fxe5 {[%emt 0:00:01]} 18. Ne4 {[%emt 0:00:01]} Qc7 {[%emt 0:00:06]} 19. d6 {[%emt 0:00:01]} Qb6 {[%emt 0:00:01]} 20. Rf1 {[%emt 0:00:05]} Kb8 {[%emt 0:00:07]} 21. h3 {[%emt 0:00:01]} Bc6 {[%emt 0:00:04]} 22. hxg4 {[%emt 0:00:02]} hxg4 {[%emt 0:00:01]} 23. Nxe5 {[%emt 0:00:01]} Bxe4 {[%emt 0:00:02]} 24. Nf7 {[%emt 0:00:03]} Qc6 {[%emt 0:00:03]} 25. Nxd8 {[%emt 0:00:02]} Rxd8 {[%emt 0:00:05]} 26. f3 {[%emt 0:00:01]} gxf3 {[%emt 0:00:02]} 27. Bxf3 {[%emt 0:00:00]} Rxd6 {[%emt 0:00:01]} 28. Bxe4 {[%emt 0:00:01]} Qc5+ {[%emt 0:00:02]} 29. Qd4 {[%emt 0:00:02]} Rxd4 {[%emt 0:00:01]} 30. cxd4 {[%emt 0:00:00]} Qxd4+ {[%emt 0:00:01]} 31. Kh1 {[%emt 0:00:02]} Qxe4 {[%emt 0:00:01]} 32. Rae1 {[%emt 0:00:01]} Qd4 {[%emt 0:00:01]} 33. g3 {[%emt 0:00:01]} Kc7 {[%emt 0:00:01]} 34. Kg2 {[%emt 0:00:00]} Kb6 {[%emt 0:00:01]} 35. Rf6+ {[%emt 0:00:01] . Âðåìÿ (Lag: Av=0.30s, max=3.0s)} 1-0

[Event "Stay Safe Play From Home 185"]
[Site "T#646428Emanuel Laske"]
[Date "2020.05.29"]
[Round "3"]
[White "Raja3652016"]
[Black "W Nelles"]
[Result "1-0"]
[WhiteElo "1613"]
[BlackElo "1070"]
[Annotator "NA RC"]
[PlyCount "53"]
[EventDate "2020.05.29"]
[EventType "swiss (blitz)"]

1. e4 {[%emt 0:00:02]} e5 {[%emt 0:00:01]} 2. Nf3 {[%emt 0:00:01]} Nf6 {[%emt 0:00:01]} 3. Nxe5 {[%emt 0:00:01]} Nxe4 {[%emt 0:00:01]} 4. Qe2 {[%emt 0:00:02]} d5 {[%emt 0:00:02]} 5. d3 {[%emt 0:00:01]} Nd6 {[%emt 0:00:03]} 6. Nc6+ {[%emt 0:00:02]} Be7 {[%emt 0:00:06]} 7. Nxd8 {[%emt 0:00:01]} Kxd8 {[%emt 0:00:01]} 8. Be3 {[%emt 0:00:01]} Re8 {[%emt 0:00:01]} 9. Nc3 {[%emt 0:00:01]} Nf5 {[%emt 0:00:01]} 10. d4 {[%emt 0:00:03]} Nxe3 {[%emt 0:00:01]} 11. fxe3 {[%emt 0:00:01]} h5 {[%emt 0:00:02]} 12. O-O-O {[%emt 0:00:02]} Bg4 {[%emt 0:00:03]} 13. Qd3 {[%emt 0:00:02]} Bxd1 {[%emt 0:00:01]} 14. Qxd1 {[%emt 0:00:02]} Nc6 {[%emt 0:00:02]} 15. Bb5 {[%emt 0:00:02]} a6 {[%emt 0:00:02]} 16. Bxc6 {[%emt 0:00:01]} bxc6 {[%emt 0:00:01]} 17. Re1 {[%emt 0:00:02]} g6 {[%emt 0:00:02]} 18. e4 {[%emt 0:00:01]} Bg5+ {[%emt 0:00:01]} 19. Kb1 {[%emt 0:00:02]} Kd7 {[%emt 0:00:03]} 20. exd5 {[%emt 0:00:02]} Rxe1 {[%emt 0:00:02]} 21. Qxe1 {[%emt 0:00:02]} Re8 {[%emt 0:00:01]} 22. Qf1 {[%emt 0:00:02]} f5 {[%emt 0:00:02]} 23. dxc6+ {[%emt 0:00:01]} Kxc6 {[%emt 0:00:03]} 24. d5+ {[%emt 0:00:01]} Kd7 {[%emt 0:00:02]} 25. a3 {[%emt 0:00:02]} Rb8 {[%emt 0:00:05]} 26. Qxa6 {[%emt 0:00:02]} Be7 {[%emt 0:00:04]} 27. Qc6+ {[%emt 0:00:02] W Nelles gibt auf (Lag: Av=0.74s, max=4.4s)} 1-0

[Event "Stay Safe Play From Home 185"]
[Site "T#646428Emanuel Laske"]
[Date "2020.05.29"]
[Round "4"]
[White "Eidgenosse"]
[Black "Broken sword"]
[Result "1/2-1/2"]
[WhiteElo "2481"]
[BlackElo "2546"]
[Annotator "TA"]
[PlyCount "131"]
[EventDate "2020.05.29"]
[EventType "swiss (blitz)"]

{[%evp 11,131,14,21,20,34,-6,9,-12,-12,-8,22,20,44,10,7,16,23,11,8,13,13,0,5,0,9,4,15,0,133,62,154,0,202,181,235,204,238,248,251,237,262,231,220,93,187,157,173,35,31,25,81,87,95,76,123,119,106,108,119,0,0,0,0,0,0,0,0,0,0,0,0,0,0,0,0,0,0,0,0,0,0,0,0,0,0,0,0,0,0,0,0,0,0,0,0,0,0,0,0,0,0,0,0,-2,0,0,0,0,0,0,0,0,0,0,0,0,0,0,0,0,0,0]} 1. Nf3 d5 2. g3 c6 3. Bg2 Nf6 4. O-O Bf5 5. d3 e6 6. Nbd2 Be7 7. Nh4 {A07: Réti Opening: New York and Capablanca Systems.} Bg4 8. c4 O-O 9. Nhf3 (9. h3 $5 {[%cal Rh3g4]} Bh5 10. g4 $11) 9... Nbd7 {[#]} 10. b3 $146 ({Predecessor:} 10. Rb1 a5 11. Nb3 a4 12. Na1 Qc7 13. b4 axb3 14. axb3 Ra2 15. Nc2 Rfa8 16. Bd2 {1-0 (43) Berti,R (1788)-Aigner,M (1847) Schwarzach 1998}) 10... Ne8 11. Bb2 Bf6 12. Qc2 Bxb2 13. Qxb2 Qf6 14. Qxf6 Nexf6 15. Rfe1 Rfe8 16. h3 Bxf3 17. Nxf3 Rad8 18. Rac1 dxc4 19. bxc4 b6 (19... e5 $11) 20. a4 (20. Nd4 $16) 20... Nc5 (20... e5 $14) 21. a5 $2 (21. Ne5 $16) 21... bxa5 $2 (21... Nb3 $11) 22. Ne5 $18 a6 (22... Rb8 {was called for.} 23. Nxc6 (23. Bxc6 Rec8 $16) 23... Rb6 24. Nxa5 e5) 23. Nxc6 Rc8 24. Nxa5 Rb8 25. Rb1 e5 26. Nc6 Rbc8 27. Ra1 (27. Bd5 $18 {and White stays clearly on top.}) 27... Re6 (27... e4 $16 {is a better defense.}) 28. Nb4 e4 29. d4 ({White should play} 29. Reb1 $18) 29... Nb3 $14 {[%mdl 64] [#] Double Attack} 30. Rxa6 {Strongly threatening e3.} Rxa6 (30... Nxd4 $11 {keeps the balance.} 31. e3 Rxc4) 31. Nxa6 $16 {Hoping for e3.} Nxd4 32. e3 Nb3 33. Rb1 Nd2 {[%mdl 64] Double Attack} 34. Rd1 Nxc4 {[#]} 35. Rc1 (35. Nc5 $1 $16 {[%mdl 512]}) 35... Nd6 $11 {The position is equal.} 36. Rxc8+ (36. Rb1 {seems wilder.} Kf8 37. Bf1 g6 38. Nb4 Rb8 39. Rd1) 36... Nxc8 {[%mdl 4096] Endgame KBN-KNN} 37. Nc5 Nd6 38. g4 {Threatening g5.} h6 39. Kh2 g5 40. Kg3 Kf8 41. Nb3 Ke7 42. Nd4 Nd7 43. h4 Kf6 44. hxg5+ hxg5 45. Bf1 Nc5 46. Be2 Ke5 47. Bf1 Kf6 48. Bg2 Ke5 49. Bf1 Ne6 (49... Nd3 {is interesting.} 50. Nf3+ Kf6 51. Nd2 Ke6 52. Nf3 f6) 50. Nxe6 Kxe6 {KB-KN} 51. Be2 Ke5 52. Bd1 f6 53. Be2 Nb7 54. Bf1 Nc5 55. Be2 $1 Ne6 56. Bf1 Nc5 57. Bg2 Ne6 58. Bf1 Nc7 59. Bg2 Nd5 60. Bf1 Nc7 61. Bg2 Ne8 62. Bf1 Nd6 63. Bg2 Ne8 64. Bf1 Ng7 65. Bg2 Ne6 66. Bf1 {Black defended with fortune. Accuracy: White = 78%, Black = 78%.} 1/2-1/2

[Event "Stay Safe Play From Home 185"]
[Site "T#646428Emanuel Laske"]
[Date "2020.05.29"]
[Round "4"]
[White "Little champs"]
[Black "The Next Contender"]
[Result "1-0"]
[WhiteElo "2121"]
[BlackElo "2012"]
[Annotator "TA"]
[PlyCount "75"]
[EventDate "2020.05.29"]
[EventType "swiss (blitz)"]

{[%evp 11,74,-12,-3,-2,8,-8,77,77,110,86,110,118,143,136,166,144,106,103,110,-41,380,378,373,374,391,377,414,422,419,379,490,495,572,346,593,591,800,639,645,643,718,718,753,753,998,998,29985,29985,29988,29988,29987,29988,29992,29993,29993,29994,29994,29995,29996,29997,29997,29998,29998,29998,29999]} 1. d4 d5 2. e3 c5 3. c4 e6 4. dxc5 Bxc5 5. Nf3 Nf6 6. Nc3 O-O 7. cxd5 {A46: 1 d4 Nf6 2 Nf3 e6: Torre, London and Colle Systems.} exd5 8. Bd3 {[#]} d4 $146 (8... Qe7 $11) ({Predecessor:} 8... Bg4 9. h3 Bh5 10. O-O Nc6 11. Be2 h6 12. Na4 Be7 13. b3 Rc8 14. Bb2 Ne4 15. Rc1 {1-0 (56) Odoi,I (1731)-Sosu,E (1732) Accra 2018}) 9. exd4 $16 {White is better.} Bb4 10. O-O Bg4 11. h3 Bxf3 12. Qxf3 Qxd4 13. Qxb7 {[#] Threatens to win with Bxh7+!} Nbd7 14. Rd1 {Strongly threatening Bxh7+!} Bxc3 15. Bxh7+ $2 ({Better is} 15. Qb3 $16) 15... Nxh7 $2 {[%mdl 8192] Now Black is done in.} (15... Kxh7 $15 {keeps the upper hand.} 16. Rxd4 Bxd4) 16. Rxd4 $18 Bxd4 17. Qxd7 Bf6 18. Be3 Rfd8 19. Qg4 Bxb2 20. Rb1 Bf6 21. Rb7 Rab8 22. Qb4 Be5 $2 {[#]} (22... a5 {is a better defense.} 23. Qb6 Rxb7 24. Qxb7 Rd1+ 25. Kh2 Nf8) 23. g3 Rbc8 24. Qb3 Rf8 25. Rxa7 Bb8 26. Rb7 Be5 27. a4 {[%cal Ba2a4,Ba4a5,Ba5a6][%mdl 32]} Rcd8 28. a5 Rd1+ 29. Qxd1 {White mates.} Ra8 30. Qb3 Rf8 31. a6 Bb8 32. Rxb8 Rxb8 33. Qxb8+ Nf8 34. Bc5 g6 35. Qxf8+ Kh7 36. Qxf7+ Kh6 37. Be3+ Kh5 38. Qh7# {Accuracy: White = 78%, Black = 18%.} 1-0

[Event "Stay Safe Play From Home 185"]
[Site "T#646428Emanuel Laske"]
[Date "2020.05.29"]
[Round "4"]
[White "Weltszmerc"]
[Black "Rogan"]
[Result "0-1"]
[WhiteElo "2079"]
[BlackElo "2213"]
[Annotator "TA"]
[PlyCount "92"]
[EventDate "2020.05.29"]
[EventType "swiss (blitz)"]

{[%evp 9,92,12,24,-15,39,35,41,35,51,52,95,89,94,93,113,112,103,92,93,104,102,94,200,-10,112,26,29,15,20,0,0,-17,0,-15,-13,-18,-13,-49,-49,-49,-49,-49,-45,-41,-27,-27,-22,-22,0,0,0,0,4,-45,-45,-45,-45,-59,-59,-59,-59,-103,-59,-77,-75,-166,-59,-63,-59,-221,-211,-206,-192,-192,-192,-341,-347,-339,-168,-455,-455,-455,-361,-455,-63]} 1. d4 c6 2. c4 d6 3. Nf3 Nf6 4. Bf4 Bg4 5. e3 Nbd7 {[#]} 6. h3 $146 {A41: 1 d4 d6: Tartakower System and Modern Defence.} ({Predecessor:} 6. Nbd2 e5 7. dxe5 dxe5 8. Bg5 h6 9. Bxf6 Nxf6 10. Be2 Bxf3 11. Bxf3 Bb4 12. a3 Bxd2+ 13. Qxd2 Qxd2+ 14. Kxd2 {0-1 (36) Norena Yepez,V (1785)-Martinez,M (1978) Medellin 2019}) 6... Bh5 (6... Bxf3 $11 7. gxf3 e5) 7. Be2 Qb6 8. Qb3 {White is slightly better.} Qxb3 9. axb3 Bxf3 10. Bxf3 e5 11. Bh2 exd4 12. exd4 Be7 13. O-O O-O 14. Re1 Rfe8 15. Nc3 d5 (15... a6 $16 {keeps fighting.}) 16. c5 $2 (16. cxd5 $18 Nxd5 17. Nxd5 cxd5 18. Bxd5) 16... Bf8 (16... Nf8 $11 {remains equal.}) 17. b4 (17. Rxe8 $1 $16 Rxe8 18. g4) 17... a6 $11 18. Rxe8 Rxe8 19. Kf1 g6 20. Re1 Rxe1+ 21. Kxe1 Bg7 22. Bf4 Nf8 23. g4 Ne6 24. Be3 Ne8 25. Ne2 N8c7 26. g5 Nb5 {[%cal Rb5d4]} 27. Bg4 Nexd4 28. Nxd4 Nxd4 (28... Bxd4 {seems wilder.} 29. Bc8 Bxb2 30. Kd1 Ba3 31. Bd2 Nd4) 29. Bxd4 Bxd4 {[%mdl 4096] Endgame KB-KB} 30. Bc8 Bxb2 31. Bxb7 Bc3+ 32. Ke2 Bxb4 33. Bxc6 Bxc5 34. Bxd5 a5 35. f3 Kf8 36. Kd3 Ba3 37. Bc6 {[#]} (37. Kc4 $17 {was worth a try.}) 37... Ke7 ({Better is} 37... Bc1 $1 $19 38. h4 Bf4) 38. Ke4 Bc1 39. h4 $2 {Loses the game.} (39. f4 $1 $15) 39... Bd2 $19 40. Ba4 Be1 41. h5 gxh5 42. f4 (42. Kf5 {is the only way for White.}) 42... h4 43. Kf3 f6 (43... h3 $142 44. Bc2 h2) 44. Bc2 $2 (44. Kg4) 44... fxg5 45. fxg5 Bd2 46. Kg4 {[#]} h3 $2 {Accuracy: White = 49%, Black = 63%.} ({Black should play} 46... Bxg5 $1 $19 {[%mdl 512]} 47. Bxh7 (47. Kxg5 h3) 47... a4) 0-1

[Event "Stay Safe Play From Home 185"]
[Site "T#646428Emanuel Laske"]
[Date "2020.05.29"]
[Round "4"]
[White "SoulofWolf"]
[Black "Konmos"]
[Result "0-1"]
[WhiteElo "2043"]
[BlackElo "1771"]
[Annotator "TA"]
[PlyCount "62"]
[EventDate "2020.05.29"]
[EventType "swiss (blitz)"]

{[%evp 9,61,-10,-23,-41,22,-163,-124,-136,-118,-147,-146,-225,-160,-213,-102,-112,-86,-180,-170,-216,-218,-223,-232,-250,-95,-111,-104,-139,-9,0,230,39,439,431,772,758,747,740,803,798,922,757,763,642,721,700,975,966,947,955,919,-29997,-29998,-29999]} 1. e4 d5 2. e5 Bf5 3. f4 e6 4. Nf3 d4 5. d3 Ne7 6. Nbd2 {B01: Scandinavian Defence.} c5 {[#]} (6... Nd5 $15 7. Ne4 Nc6) 7. b4 $146 (7. Nh4 $11 {and White stays safe.}) ({Predecessor:} 7. Nh4 h6 8. Nxf5 Nxf5 9. Ne4 Nc6 10. Be2 b6 11. Bf3 Qc7 12. Qe2 O-O-O 13. a3 {1-0 (37) Soklovacki,M (1554)-Galovic,A Vrnjacka Banja 2013}) 7... cxb4 8. Nb3 {Black is better.} Nbc6 9. Bb2 {[%cal Rb3d4]} Nd5 10. Qe2 (10. Qd2 $17 {is a better defense.}) 10... Nc3 11. Bxc3 (11. Qf2 $17 {might work better.}) 11... bxc3 (11... dxc3 $19 12. Qe3 a5) 12. h3 h5 13. Rg1 (13. Qf2 $17 {was worth a try.}) 13... Ba3 $19 14. g4 hxg4 15. hxg4 Bg6 16. Ng5 Qd5 $2 (16... a5 $19 {Hoping for ...a4.} 17. Bg2 a4) 17. Bg2 $17 Qb5 18. Rb1 Bb2 (18... Nb4 $17 19. Rd1 O-O-O) 19. Kf2 Qa4 $2 {[#]} (19... O-O-O $1 $11 {and Black has nothing to worry.}) 20. Nc5 $2 (20. f5 $1 $18 {[%cal Rf5g6][%mdl 512]} exf5 21. gxf5 Bxf5 22. e6) 20... Qxa2 $2 {[%mdl 8192]} (20... Qb4 $14 21. Bxc6+ bxc6) 21. Nxb7 $18 Rb8 (21... Qa4 $142 22. Nd6+ Ke7) 22. Bxc6+ Ke7 23. Bg2 Rh2 24. Nd6 f6 25. Nge4 fxe5 26. fxe5 Rf8+ 27. Kg3 Rh6 28. Rh1 Rxh1 29. Rxh1 Qa5 30. Rf1 $4 {[%mdl 8192]} (30. Nc4 $18 Qb4 31. Ng5) 30... Qxe5+ 31. Kh3 Rh8# {Accuracy: White = 46%, Black = 29%.} 0-1

[Event "Stay Safe Play From Home 185"]
[Site "T#646428Emanuel Laske"]
[Date "2020.05.29"]
[Round "4"]
[White "Fischer_11"]
[Black "Grizzzly"]
[Result "1-0"]
[WhiteElo "1998"]
[BlackElo "1712"]
[Annotator "NA RC"]
[PlyCount "93"]
[EventDate "2020.05.29"]
[EventType "swiss (blitz)"]

1. e4 {[%emt 0:00:04]} e6 {[%emt 0:00:01]} 2. d4 {[%emt 0:00:01]} d5 {[%emt 0:00:01]} 3. Nd2 {[%emt 0:00:00]} dxe4 {[%emt 0:00:01]} 4. Nxe4 {[%emt 0:00:00]} Nd7 {[%emt 0:00:01]} 5. Nf3 {[%emt 0:00:01]} Ngf6 {[%emt 0:00:00]} 6. Nxf6+ {[%emt 0:00:00]} Nxf6 {[%emt 0:00:01]} 7. Bd3 {[%emt 0:00:00]} Be7 {[%emt 0:00:01]} 8. Qe2 {[%emt 0:00:00]} O-O {[%emt 0:00:01]} 9. Bg5 {[%emt 0:00:00]} b6 {[%emt 0:00:01]} 10. Bxf6 {[%emt 0:00:01]} Bxf6 {[%emt 0:00:03]} 11. Qe4 {[%emt 0:00:01]} g6 {[%emt 0:00:02]} 12. Qxa8 {[%emt 0:00:01]} Bxd4 {[%emt 0:00:04]} 13. Qe4 {[%emt 0:00:02]} Bxb2 {[%emt 0:00:04]} 14. Rb1 {[%emt 0:00:03]} Bc3+ {[%emt 0:00:01]} 15. Kf1 {[%emt 0:00:02]} c5 {[%emt 0:00:05]} 16. Rd1 {[%emt 0:00:05]} Bd4 {[%emt 0:00:01]} 17. Nxd4 {[%emt 0:00:02]} cxd4 {[%emt 0:00:00]} 18. f3 {[%emt 0:00:04]} Qd6 {[%emt 0:00:01]} 19. Kf2 {[%emt 0:00:02]} f5 {[%emt 0:00:00]} 20. Qe2 {[%emt 0:00:02]} e5 {[%emt 0:00:00]} 21. Bc4+ {[%emt 0:00:01]} Kh8 {[%emt 0:00:01]} 22. Rhe1 {[%emt 0:00:00]} Re8 {[%emt 0:00:02]} 23. Qd3 {[%emt 0:00:04]} Bb7 {[%emt 0:00:02]} 24. f4 {[%emt 0:00:02]} e4 {[%emt 0:00:00]} 25. Qxd4+ {[%emt 0:00:01]} Qxd4+ {[%emt 0:00:02]} 26. Rxd4 {[%emt 0:00:00]} a6 {[%emt 0:00:03]} 27. Red1 {[%emt 0:00:00]} b5 {[%emt 0:00:01]} 28. Rd8 {[%emt 0:00:01]} Rxd8 {[%emt 0:00:02]} 29. Rxd8+ {[%emt 0:00:00]} Kg7 {[%emt 0:00:02]} 30. Rd7+ {[%emt 0:00:00]} Kh6 {[%emt 0:00:00]} 31. Rxb7 {[%emt 0:00:01]} bxc4 {[%emt 0:00:00]} 32. Rc7 {[%emt 0:00:00]} c3 {[%emt 0:00:00]} 33. Rxc3 {[%emt 0:00:01]} g5 {[%emt 0:00:01]} 34. Ra3 {[%emt 0:00:00]} gxf4 {[%emt 0:00:00]} 35. Rxa6+ {[%emt 0:00:01]} Kg5 {[%emt 0:00:02]} 36. Rb6 {[%emt 0:00:00]} e3+ {[%emt 0:00:00]} 37. Ke2 {[%emt 0:00:01]} Kg4 {[%emt 0:00:00]} 38. a4 {[%emt 0:00:00]} h5 {[%emt 0:00:04]} 39. a5 {[%emt 0:00:00]} h4 {[%emt 0:00:02]} 40. Rg6+ {[%emt 0:00:00]} Kh5 {[%emt 0:00:01]} 41. Rg8 {[%emt 0:00:00]} h3 {[%emt 0:00:00]} 42. gxh3 {[%emt 0:00:01]} Kh4 {[%emt 0:00:00]} 43. a6 {[%emt 0:00:01]} Kxh3 {[%emt 0:00:00]} 44. a7 {[%emt 0:00:00]} Kxh2 {[%emt 0:00:01]} 45. a8=Q {[%emt 0:00:00]} Kh3 {[%emt 0:00:02]} 46. Qg2+ {[%emt 0:00:00]} Kh4 {[%emt 0:00:01]} 47. Qh1# {[%emt 0:00:00] (Lag: Av=0.26s, max=0.3s)} 1-0